McCartney /

Bibliographic Details
Other Authors: McCartney, Paul (Performer), McCartney, Linda
Format: CD Audio
Language:English
Published: Beverly Hills, CA : MPL : Hear Music : Concord Records, [2011]
Series:Paul McCartney archive collection.
Subjects:

MARC

Tag First Indicator Second Indicator Subfields
LEADER 00000cjm a2200000Ia 4500
001 in00002874151
005 20151202173325.0
007 sd fsngnn|||ee
008 110614r20111970caurcnn d n eng d
019 |a 729862058 
024 1 |a 888072327979 
028 0 2 |a HRM-32797-02  |b MPL/Hear Music/Concord 
035 |a (OCoLC)ocn730448629 
035 |a (OCoLC)730448629  |z (OCoLC)729862058 
037 |b Midwest Tape  |n http://www.midwesttapes.com 
040 |a IMD  |c IMD  |d TEFMT  |d TEF  |d COO  |d UtOrBLW 
049 |a TXAM 
050 4 |a M1630.18.M33  |b M33 2011 
082 0 4 |a 782.42/166  |2 22 
090 |a M1741.18.M3272  |b M33 2011 
100 1 |a McCartney, Paul,  |e performer. 
245 1 0 |a McCartney /  |c [Paul McCartney]. 
264 1 |a Beverly Hills, CA :  |b MPL :  |b Hear Music :  |b Concord Records,  |c [2011] 
264 4 |c ℗2011 
300 |a 2 sound discs :  |b digital ;  |c 4 3/4 in. 
306 |a 003420  |a 002454 
336 |a performed music  |b prm  |2 rdacontent 
337 |a audio  |b s  |2 rdamedia 
338 |a audio disc  |b sd  |2 rdacarrier 
490 1 |a Paul McCartney archive collection 
500 |a Remastered. 
500 |a Album (disc 1) originally released by MPL Communications in 1970. 
500 |a Compact discs. 
500 |a Durations: 34:20 (original album); 24:54 (bonus CD). 
508 |a Produced by Paul McCartney. 
511 0 |a Paul McCartney, instruments and vocals ; Linda McCartney, harmonies. 
505 0 0 |g disc 1:  |t McCartney.  |t The lovely Linda  |g (:42) ;  |t That would be something  |g (2:38) ;  |t Valentine Day  |g (1:40) ;  |t Every night  |g (2:33) ;  |t Hot as sun/glasses  |g (2:06) ;  |t Junk  |g (1:54) ;  |t Man we was lonely  |g (2:57) ;  |t Oo you  |g (2:49) ;  |t Momma Miss America  |g (4:05) ;  |t Teddy boy  |g (2:23) ;  |t Singalong junk  |g (2:35) ;  |t Maybe I'm amazed  |g (3:48) ;  |t Kreen-akrore  |g (4:10) --  |g disc 2, bonus CD.  |t Suicide  |g (out-take)  |g (2:46) ;  |t Maybe I'm amazed  |g (from One hand clapping)  |g (4:51) ;  |t Every night  |g (live at Glasgow, 1979)  |g (4:30) ;  |t Hot as sun  |g (live at Glasgow, 1979)  |g (2:26) ;  |t Maybe I'm amazed  |g (live at Glasgow, 1979)  |g (5:10) ;  |t Don't cry baby  |g (out-take)  |g (3:06) ;  |t Women kind  |g (demo)  |g (2:05). 
500 |a Lyrics ([22] pages : ill. (some col.)) bound into container. 
500 |a Sound recording. 
650 0 |a Rock music  |y 1961-1970. 
700 1 |a McCartney, Linda. 
830 0 |a Paul McCartney archive collection. 
948 |a cataloged  |b h  |c 2013/2/14  |d c  |e jstorlie  |f 12:25:36 pm 
994 |a C0  |b TXA 
999 |a MARS 
999 f f |s 5a085d65-3251-35a7-a9e9-6a37423c3bd8  |i c9f333e4-4431-3a84-b7c4-f38e42063a2c  |t 0 
952 f f |p ric  |a Texas A&M University  |b Rellis Campus  |c Joint Library Facility  |d Remote Storage  |t 0  |e M1741.18.M3272 M33 2011  |h Library of Congress classification  |i audio -- audio disc  |m A14841732028 
998 f f |a M1741.18.M3272 M33 2011  |t 0  |l Remote Storage